Wszystkie poziomy z wszystkich wersji geometry dash (2.207) - Statystyki

Ogólne statystyki
  • Ten quiz został rozwiązany 58 razy
    16 od ostatniego zresetowania
  • Średni wynik to 28 z 43
Statystyki odpowiedzi
Geometry dash % Poprawnych
Back On Track
89%
Press Start
89%
Base After Base
78%
Can't Let Go
78%
Clubstep
78%
Clutterfunk
78%
Cycles
78%
Deadlocked
78%
Dry out
78%
Electrodynamix
78%
Geometrical Dominator
78%
Hexagon Force
78%
Jumper
78%
Nock Em
78%
Polargeist
78%
Stereo Madness
78%
Theory of Everything
78%
Theory of Everything 2
78%
Time Machine
78%
xStep
78%
Blast Processing
67%
Dash
67%
Electroman Adventures
67%
Fingerdash
67%
Power Trip
67%
The Seven Seas
67%
Viking Arena
67%
Airborne Robots
56%
Beast Mode
56%
Frontlines
56%
Machina
56%
Payload
56%
The Challenge
56%
Embers
44%
Monster Dance Off
44%
Round 1
44%
Space Pirates
44%
Striker
44%
The Sewers
44%
Years
44%
The Tower
33%
The Cellar
22%
The Secret Hollow
22%
Nie znaleziono quizów pasujących do podanych kryteriów
Rozkład punktacji
Procent ludzi z każdym wynikiem
Percentyl według liczby udzielonych odpowiedzi
Twoja historia wyników
Nie rozwiązałeś tego quizu od ostatniego zresetowania